| 000 | 00367nam a22001457a 4500 | ||
|---|---|---|---|
| 005 | 20170511151505.0 | ||
| 008 | 170511b xxu||||| |||| 00| 0 eng d | ||
| 040 | _cPK-LaUMT | ||
| 082 |
_aZIAC 297.01 _bQUT-H |
||
| 100 | _aQutab , Sayyed | ||
| 245 |
_aHaza ud Din/ _cSayyed Qutab |
||
| 260 |
_aبیروت: _bدارالشروق، _c[ ] |
||
| 300 | _a96 ص | ||
| 942 | _cBK | ||
| 999 |
_c93422 _d93422 |
||